Constitución Política de la República: edición oficial, aprobada por Decreto N§390 de 27 de enero de 2009 del Ministerio de Justicia

Bewaard in:
Bibliografische gegevens
Coauteur: Chile
Formaat: Boek
Taal:Spaans
Gepubliceerd in: Santiago, Chile: Jurídica, 2009
Editie:Decimotercera edición.
Onderwerpen:
Tags: Voeg label toe
Geen labels, Wees de eerste die dit record labelt!

MARC

LEADER 00000nam a2200000 a 4500
001 UCH3670
003 CL-VaPUC
005 20250423160734.0
008 090813e20090000CL |||||||||||||||||spa|d
999 |c 335153  |d 335151 
020 |a 9789561019201 
040 |c Pontificia Universidad Católica de Valparaíso 
082 0 4 |a 342.83 CHI 2009  |2 21 
110 1 |a Chile  |9 890760 
245 1 0 |a Constitución Política de la República: edición oficial, aprobada por Decreto N§390 de 27 de enero de 2009 del Ministerio de Justicia 
250 |a Decimotercera edición.  |b Actualizada al 3 de abril de 2009. 
260 |a Santiago, Chile:  |b Jurídica,  |c 2009 
300 |a 769 páginas 
500 |a Incluye CD 
505 |a Anexo. Modificaciones posteriores al Decreto Aprobatorio de esta edición. -Decreto Supremo N.º 100. Ministerio Secretaría General de la Presidencia. Publicado en el Diario Oficial de 22 de septiembre de 2005. Constitución Política de la República -Capitulo I. Bases de la institucionalidad. -Capítulo II. Nacionalidad y ciudadanía. -Capítulo III. De los derechos y deberes constitucionales. -Capítulo IV. Gobierno. -Capítulo V. Congreso Nacional. -Capítulo VI. Poder Judicial. -Capítulo VII. Ministerio Público. -Capítulo VIII. Tribunal Constitucional. -Capítulo IX. Justicia electoral. -Capítulo X. Contraloría General de la República. -Capítulo XI. Fuerzas Armadas, de Orden y Seguridad Pública. -Capítulo XII. Consejo de Seguridad Nacional. -Capítulo XIII. Banco Central. -Capítulo XIV. Gobierno y administración interior del Estado. -Capítulo XV. Reforma de la Constitución. Apéndice: -Ley de 6 de julio de 1878. Determina cómo deben computarse las fracciones en votaciones o quórum de corporaciones sea para tomar acuerdos o celebrar sesiones. -Decreto con Fuerza de Ley N.º 1. Fija el texto refundido, coordinado y sistematizado de la Ley N.º 18.695, Orgánica Constitucional de Municipalidades (D.O. de 26 de julio de 2006). -Decreto Supremo N.º 1.086. Reuniones Públicas (D.O. de 16 de septiembre de 1983) -Ley N.º 17.997. Ley Orgánica Constitucional del Tribunal Constitucional (D.O. de 19 de mayo de 1981). -Decreto Supremo N.º 5.142. Fija el texto refundido de las disposiciones sobre nacionalización de extranjeros (D.O. de 29 de octubre de 1960) -Ley N.º 18.415. Ley Orgánica Constitucional de los Estados de Excepción (D.O. de 14 de junio de 1985). -Ley N.º 18.460. Ley Orgánica Constitucional sobre el Tribunal Calificador de Elecciones (D.O. de 15 de noviembre de 1985). -Ley N.º 18.556. Ley Orgánica Constitucional sobre Sistema de Inscripciones Electorales y Servicio Electoral (D.O. de 1° de octubre de 1986). -Ley N.º 18.603. Ley Orgánica Constitucional de los Partidos Políticos (D.O. de 23 de marzo de 1987). -Ley N.º 18.700. Ley Orgánica Constitucional sobre Votaciones Populares y Escrutinios (D.O. de 6 de mayo de 1988). -Ley N.º 19.733. Sobre libertades de Opinión e Información e Información y Ejercicio del Periodismo (D.O. de 4 de junio de 2001). -Ley N.º 18.918. Ley Orgánica Constitucional del Congreso Nacional (D.O. de 5 de febrero de 1990). -Ley N.º 20.285. Sobre acceso a la información pública (D.O. de 20 de agosto de 2008). -Decreto N.º 778. Promulga Pacto Internacional de Derechos Civiles y Políticos (D.O. de 29 de abril de 1989). -Decreto N.º 326. Promulga Pacto Internacional de Derechos Económicos, Sociales y Culturales (D.O. de 27 de mayo de 1989). -Ley N.º 19.628. Sobre protección de la vida privada (D.O. de 28 de agosto de 1999). -Ley N.º 18.971. Establece Recurso Especial que indica (D.O. de 10 de marzo de 1990). -Decreto N.º 873. Aprueba Convención Americana sobre Derechos Humanos, denominada "Pacto de San José de Costa Rica" (D.O. de 5 de enero de 1991) -Decreto con Fuerza de Ley N.º 1. Fija texto refundido, coordinado sistematizado y actualizado de la Ley N.º 19.175, Orgánica Constitucional sobre Gobierno y Administración Regional (D.O. de 8 de noviembre de 2005). -Ley N.º 19.300. Aprueba Ley sobre bases generales del medio ambiente. -Ley N.º 19.880. Establece bases de los procedimientos administrativos que rigen los actos de los órganos de la Administración del Estado. 
583 |a last modification  |c 20131001 03:59:28  |k Rodrigo Vera 
650 1 0 |a Constitución política de Chile  |9 890575 
650 1 0 |a Derecho constitucional chileno  |9 478271 
942 |c BK  |2 ddc 
945 |d 20090813 00:00:00  |a rbrito 
952 |0 0  |1 0  |4 0  |6 342_830000000000000_CON_2009  |7 0  |8 R  |9 424775  |a BIBDER  |b BIBDER  |d 2019-11-22  |i 4586735  |o 342.83 CON 2009  |p 4586735  |r 2023-01-25  |w 2019-11-22  |y BK_R  |k DER 
952 |0 0  |1 0  |4 0  |6 342_830000000000000_CON_2009  |7 0  |8 R  |9 424776  |a BIBDER  |b BIBDER  |d 2019-11-22  |i 4586743  |o 342.83 CON 2009  |p 4586743  |r 2023-01-25  |w 2019-11-22  |y BK_R  |k DER 
952 |0 0  |1 0  |4 0  |6 342_830000000000000_CON_2009  |7 0  |8 R  |9 424777  |a BIBDER  |b BIBDER  |d 2019-11-22  |i 4586751  |o 342.83 CON 2009  |p 4586751  |r 2023-01-25  |w 2019-11-22  |y BK_R  |k DER 
952 |0 0  |1 0  |4 0  |6 342_830000000000000_CON_2009  |7 0  |8 R  |9 424778  |a BIBDER  |b BIBDER  |d 2019-11-22  |i 458676K  |o 342.83 CON 2009  |p 458676K  |r 2023-01-25  |w 2019-11-22  |y BK_R  |k DER 
952 |0 0  |1 0  |4 0  |6 342_830000000000000_CON_2009  |7 0  |8 R  |9 424779  |a BIBDER  |b BIBDER  |d 2019-11-22  |i 4586778  |o 342.83 CON 2009  |p 4586778  |r 2023-01-25  |w 2019-11-22  |y BK_R  |k DER 
952 |0 0  |1 0  |4 0  |6 342_830000000000000_CON_2009  |7 0  |8 R  |9 424780  |a BIBDER  |b BIBDER  |d 2019-11-22  |i 4626575  |o 342.83 CON 2009  |p 4626575  |r 2023-01-25  |w 2019-11-22  |y BK_R  |k DER 
952 |0 0  |1 0  |4 0  |6 342_830000000000000_CON_2009  |7 0  |8 R  |9 424782  |a BIBDER  |b BIBDER  |d 2019-11-22  |i 4626591  |o 342.83 CON 2009  |p 4626591  |r 2023-01-25  |w 2019-11-22  |y BK_R  |k DER 
952 |0 0  |1 0  |4 0  |6 342_830000000000000_CON_2009  |7 0  |8 R  |9 424783  |a BIBDER  |b BIBDER  |d 2019-11-22  |i 4626605  |o 342.83 CON 2009  |p 4626605  |r 2023-01-25  |w 2019-11-22  |y BK_R  |k DER 
952 |0 0  |1 0  |4 0  |6 342_830000000000000_CON_2009  |7 0  |8 R  |9 424784  |a BIBDER  |b BIBDER  |d 2019-11-22  |i 4626613  |o 342.83 CON 2009  |p 4626613  |r 2023-01-25  |w 2019-11-22  |y BK_R  |k DER 
952 |0 0  |1 0  |4 0  |6 342_830000000000000_CON_2009  |7 0  |8 R  |9 424785  |a BIBDER  |b BIBDER  |d 2019-11-22  |i 4626621  |o 342.83 CON 2009  |p 4626621  |r 2023-01-25  |w 2019-11-22  |y BK_R  |k DER 
952 |0 0  |1 0  |4 0  |6 342_830000000000000_CON_2009  |7 0  |8 R  |9 424786  |a BIBDER  |b BIBDER  |d 2019-11-22  |i 462663K  |o 342.83 CON 2009  |p 462663K  |r 2023-01-25  |w 2019-11-22  |y BK_R  |k DER 
952 |0 0  |1 0  |4 0  |6 342_830000000000000_CON_2009  |7 0  |8 R  |9 424787  |a BIBDER  |b BIBDER  |d 2019-11-22  |i 4626648  |o 342.83 CON 2009  |p 4626648  |r 2019-11-22  |w 2019-11-22  |y BK_R  |k DER 
952 |0 0  |1 0  |4 0  |6 342_830000000000000_CON_2009  |7 0  |8 R  |9 424788  |a BIBDER  |b BIBDER  |d 2019-11-22  |i 4626656  |o 342.83 CON 2009  |p 4626656  |r 2023-01-25  |w 2019-11-22  |y BK_R  |k DER 
952 |0 0  |1 0  |4 0  |6 342_830000000000000_CON_2009  |7 0  |8 R  |9 424789  |a BIBDER  |b BIBDER  |d 2019-11-22  |i 4626664  |o 342.83 CON 2009  |p 4626664  |r 2023-01-25  |w 2019-11-22  |y BK_R  |k DER